Academia, educación e innovación en la historia del arte medieval.

محفوظ في:
التفاصيل البيبلوغرافية
المؤلف الرئيسي: Moráis Morán, José Alberto (autor y coordinador)
مؤلفون آخرون: Teijeira Pablos, María Dolores (autor y coordinador)
التنسيق: غير معروف
منشور في: Granada, España: Universidad de Granada, 2020.
سلاسل:Colección Arte y Arqueología. Sección Arte
الموضوعات:
الوسوم: إضافة وسم
لا توجد وسوم, كن أول من يضع وسما على هذه التسجيلة!

MARC

LEADER 00000 a2200000 4500
003 CL-VaPUC
005 20230316095542.0
008 230313t2020 ||||| |||| 00| 0 eng d
999 |c 440119  |d 440117 
020 |a 978-84-338-6662-2 
040 |c Pontificia Universidad Católica de Valparaíso 
082 |2 22  |a 709.02 MOR 2020 
100 |a Moráis Morán, José Alberto  |9 880518  |e autor y coordinador 
245 |a Academia, educación e innovación en la historia del arte medieval. 
260 |a Granada, España:  |b Universidad de Granada,  |c 2020. 
300 |a 231 páginas. 
490 |a Colección Arte y Arqueología.  |a  Sección Arte 
583 |k GC  |c 20230313 
650 0 |9 267894  |a Arte medieval  |x Historia   |x Enseñanza docente   |z España 
650 0 |9 314877  |a Historia del arte  |y Edad Media   |x Enseñanza universitaria   |z España 
700 |a Teijeira Pablos, María Dolores  |e autor y coordinador  |9 880553 
942 |2 ddc  |c BK 
952 |0 0  |1 0  |2 ddc  |4 0  |6 709_020000000000000_MOR_2020  |7 0  |8 A  |9 588981  |a BIBHIS  |b BIBHIS  |d 2023-03-13  |e 52  |g 17545.77  |i 5656624  |l 1  |o 709.02 MOR 2020  |p 5656624  |r 2025-01-20  |s 2023-03-20  |t 1  |v 17545.77  |w 2023-03-13  |y BK  |k HIS